[Event "Krakow Malopolski Cup"]
[Site "Krakow"]
[Date "2022.08.05"]
[Round "4"]
[White "Kielar, Wiktor"]
[Black "Orlowski, Krzysztof"]
[Result "1/2-1/2"]
[WhiteElo "1305"]
[BlackElo "1466"]
[PlyCount "78"]
[EventDate "2022.08.04"]
[EventType "swiss"]
[EventRounds "9"]
[EventCountry "POL"]
[SourceTitle "CBM 209 Extra"]
[Source "ChessBase"]
[SourceDate "2022.09.30"]
[SourceVersion "1"]
[SourceVersionDate "2022.09.30"]
[SourceQuality "1"]

1. e4 c5 2. Nc3 g6 3. f4 Nc6 4. Nf3 Bg7 5. Bb5 d6 6. 0-0 Bg4 7. d3 Nf6 8. h3 Bxf3 9. Qxf3 0-0 10. Bxc6 bxc6 11. g4 Qc8 12. Bd2 Rb8 13. b3 a5 14. Rae1 Nd7 15. Ne2 a4 16. Ng3 axb3 17. axb3 Ra8 18. Re2 Ra2 19. Bc1 c4 20. dxc4 Nc5 21. f5 Nd7 22. g5 Ne5 23. Qg2 f6 24. h4 Ra1 25. h5 Rxc1 26. Rxc1 fxg5 27. hxg6 hxg6 28. Rf1 g4 29. fxg6 Nf3+ 30. Kh1 Qe6 31. Nf5 Rxf5 32. exf5 Qxf5 33. Qg3 Be5 34. Rxe5 dxe5 35. Rf2 Qe4 36. Kg2 Nd2+ 37. Kg1 Nf3+ 38. Kg2 Nd2+ 39. Kg1 Nf3+ 1/2-1/2